Les 10 villes de France les plus peuplées commençant par E - Statistiques

Statistiques générales
  • Ce quiz a été pris 77 fois
  • Le résultat moyen est 3 sur 10
Statistiques - réponses
# Ville Population % Correct
1 Évry-Courcouronnes 66.700
84%
3 Évreux 48.335
71%
7 Étampes 26.601
37%
4 Échirolles 36.708
36%
5 Épinal 32.296
36%
2 Épinay-sur-Seine 53.564
24%
8 Elancourt 26.348
15%
9 Eaubonne 25.934
8%
6 Ermont 29.189
8%
10 Eysines 24.436
4%
Aucun quiz correspondant
Distribution des résultats
% des personnes avec chaque résultat
Percentile par nombre de réponses
Votre historique - résultats
Vous n’avez pas pris ce quiz